| 000 | 00511nam a2200205Ia 4500 | ||
|---|---|---|---|
| 001 | 20400 | ||
| 003 | GE_BSU | ||
| 008 | 181216s||||||||xx |||||||||||||| ||und|| | ||
| 040 | _cGE_BSU | ||
| 245 | 4 | _aThe Economist, April 8th-14th 2017. #9035 | |
| 245 | _bVolume 423 | ||
| 260 | _aParis | ||
| 260 | _c2017 | ||
| 300 | _a82 p. 27cm. | ||
| 653 | _aThe Economist, April 15th-21st 2017. #9035 | ||
| 653 | _aVolume 423 | ||
| 653 | _aПериодика | ||
| 653 | _aპერიოდიკა | ||
| 942 | _cCR | ||
| 999 |
_c53357 _d53357 |
||